00770 a2200205 4500010001400000020002300014035001300037037001500050082001300065090001700078100002400095245010300119260002300222270006800245300002800313500004100341942002700382999001700409952013800426 aENG-89534 a8172149840c150.00 aEN-73067 bDBAD / PUB14a320.5315 c11108d111081 aBoas, Mervin Shinoj1 aEncounter between marxian philosophy and theology of humanisation in India/cby Mervin Shinoj Boas aDelhibISPCKc2007 aPost Box 1585, 1654 Madarsa Road, Kashmere GatebDelhie110 006 axxvi, 152p.c22cm (Pbk) aIncludes bibliographical references adplcENk320.5315/ BOA c10803d10803 00102ddc40718NFICaDBADbDBADeDBAD/PUBg150.00l0o320.5315 BOApEN-73067r2008-09-15 00:00:00t1u11899v150.00w2008-09-15yEN